[Event "World Cup 2017"]
[Site "Tbilisi"]
[Date "2017.09.09"]
[Round "17.15"]
[White "Nepomniachtchi Ian (RUS)"]
[Black "Jobava Baadur (GEO)"]
[Result "1/2-1/2"]
[BlackElo "2687"]
[WhiteElo "2751"]
[LiveChessVersion "1.4.8"]

1. e4 {[%clk 1:30:50]} e5 {[%clk 1:30:55]} 2. Nf3 {[%clk 1:31:15]} Nf6
{[%clk 1:31:19]} 3. Nxe5 {[%clk 1:31:18]} d6 {[%clk 1:31:45]} 4. Nf3
{[%clk 1:31:42]} Nxe4 {[%clk 1:32:08]} 5. d4 {[%clk 1:31:29]} d5 {[%clk 1:32:32]}
6. Bd3 {[%clk 1:31:54]} Be7 {[%clk 1:32:50]} 7. O-O {[%clk 1:31:28]} Bf5
{[%clk 1:33:11]} 8. Nc3 {[%clk 1:29:32]} O-O {[%clk 1:31:23]} 9. Re1
{[%clk 1:25:45]} Nxc3 {[%clk 1:31:44]} 10. bxc3 {[%clk 1:26:08]} Bxd3
{[%clk 1:32:11]} 11. Qxd3 {[%clk 1:26:24]} Nd7 {[%clk 1:32:28]} 12. Rb1
{[%clk 1:24:01]} Nb6 {[%clk 1:25:51]} 13. Qf5 {[%clk 1:22:13]} Re8
{[%clk 1:22:23]} 14. Bg5 {[%clk 1:17:02]} f6 {[%clk 1:11:22]} 15. Bf4
{[%clk 1:13:23]} Bd6 {[%clk 1:06:01]} 16. Rxe8+ {[%clk 1:09:54]} Qxe8
{[%clk 1:06:09]} 17. Bxd6 {[%clk 1:10:00]} cxd6 {[%clk 1:06:34]} 18. Qf4
{[%clk 1:04:22]} 1/2-1/2

[Event "World Cup 2017"]
[Site "Tbilisi"]
[Date "2017.09.09"]
[Round "17.16"]
[White "Onischuk Alexander (USA)"]
[Black "Svidler Peter (RUS)"]
[Result "1/2-1/2"]
[BlackElo "2751"]
[WhiteElo "2682"]
[LiveChessVersion "1.4.8"]

1. d4 {[%clk 1:30:57]} Nf6 {[%clk 1:30:47]} 2. c4 {[%clk 1:31:21]} g6
{[%clk 1:31:12]} 3. Nc3 {[%clk 1:31:41]} d5 {[%clk 1:31:36]} 4. cxd5
{[%clk 1:31:53]} Nxd5 {[%clk 1:32:02]} 5. e4 {[%clk 1:32:17]} Nxc3
{[%clk 1:32:26]} 6. bxc3 {[%clk 1:32:43]} Bg7 {[%clk 1:32:49]} 7. Nf3
{[%clk 1:32:58]} c5 {[%clk 1:33:14]} 8. Be3 {[%clk 1:33:24]} Qa5 {[%clk 1:33:23]}
9. Qd2 {[%clk 1:33:46]} O-O {[%clk 1:33:30]} 10. Rc1 {[%clk 1:33:36]} Rd8
{[%clk 1:33:53]} 11. d5 {[%clk 1:33:54]} e6 {[%clk 1:34:19]} 12. Bg5
{[%clk 1:34:09]} f6 {[%clk 1:34:44]} 13. Be3 {[%clk 1:34:28]} Nc6
{[%clk 1:34:58]} 14. Bd3 {[%clk 1:33:34]} Ne7 {[%clk 1:35:08]} 15. c4
{[%clk 1:31:06]} Qxd2+ {[%clk 1:34:35]} 16. Nxd2 {[%clk 1:29:49]} b6
{[%clk 1:34:45]} 17. O-O {[%clk 1:21:20]} h6 {[%clk 1:24:36]} 18. Rfd1
{[%clk 1:14:52]} f5 {[%clk 1:22:58]} 19. f3 {[%clk 1:13:28]} g5 {[%clk 1:10:32]}
20. Nb1 {[%clk 1:03:16]} fxe4 {[%clk 1:04:41]} 21. fxe4 {[%clk 1:02:14]} Ng6
{[%clk 1:04:40]} 22. Nc3 {[%clk 0:57:13]} Ne5 {[%clk 1:04:24]} 23. Be2
{[%clk 0:54:54]} Ba6 {[%clk 1:02:01]} 24. Nb1 {[%clk 0:47:23]} Re8
{[%clk 0:39:43]} 25. Bf2 {[%clk 0:39:11]} Rad8 {[%clk 0:38:24]} 26. h3
{[%clk 0:36:24]} exd5 {[%clk 0:24:40]} 27. exd5 {[%clk 0:36:37]} Nf7
{[%clk 0:25:04]} 1/2-1/2

[Event "World Cup 2017"]
[Site "Tbilisi"]
[Date "2017.09.10"]
[Round "18.1"]
[White "Bu Xiangzhi (CHN)"]
[Black "Carlsen Magnus (NOR)"]
[Result "1/2-1/2"]
[BlackElo "2822"]
[WhiteElo "2710"]
[LiveChessVersion "1.4.8"]

1. Nf3 {[%clk 1:30:56]} e6 {[%clk 1:30:30]} 2. c4 {[%clk 1:31:07]} d5
{[%clk 1:29:07]} 3. d4 {[%clk 1:29:05]} Nf6 {[%clk 1:29:14]} 4. Nc3
{[%clk 1:28:41]} c6 {[%clk 1:29:26]} 5. e3 {[%clk 1:25:58]} Nbd7 {[%clk 1:29:45]}
6. Qc2 {[%clk 1:26:20]} b6 {[%clk 1:30:08]} 7. Be2 {[%clk 1:26:24]} Bb7
{[%clk 1:30:27]} 8. O-O {[%clk 1:26:47]} Bd6 {[%clk 1:30:50]} 9. e4
{[%clk 1:23:49]} Nxe4 {[%clk 1:29:31]} 10. Nxe4 {[%clk 1:24:02]} dxe4
{[%clk 1:30:00]} 11. Qxe4 {[%clk 1:23:54]} Nf6 {[%clk 1:17:08]} 12. Qc2
{[%clk 1:22:38]} c5 {[%clk 1:15:52]} 13. Qa4+ {[%clk 1:04:17]} Nd7
{[%clk 1:02:07]} 14. Rd1 {[%clk 0:48:25]} O-O {[%clk 0:54:29]} 15. Ne5
{[%clk 0:43:19]} Nf6 {[%clk 0:51:27]} 16. dxc5 {[%clk 0:43:26]} bxc5
{[%clk 0:51:55]} 17. Nd7 {[%clk 0:42:49]} Ne4 {[%clk 0:52:17]} 18. Rxd6
{[%clk 0:43:02]} Nxd6 {[%clk 0:52:44]} 19. Nxf8 {[%clk 0:43:26]} Qxf8
{[%clk 0:52:56]} 20. Be3 {[%clk 0:40:04]} Nf5 {[%clk 0:53:17]} 21. Rd1
{[%clk 0:40:13]} Nxe3 {[%clk 0:49:00]} 22. fxe3 {[%clk 0:40:16]} h6
{[%clk 0:48:20]} 23. Rd7 {[%clk 0:35:46]} Be4 {[%clk 0:48:36]} 24. Rxa7
{[%clk 0:25:38]} Rb8 {[%clk 0:48:28]} 25. b3 {[%clk 0:25:03]} Qd8
{[%clk 0:45:44]} 26. Qd7 {[%clk 0:25:26]} Qf6 {[%clk 0:45:11]} 27. Rc7
{[%clk 0:21:02]} Qa1+ {[%clk 0:20:37]} 28. Kf2 {[%clk 0:21:25]} Kh7
{[%clk 0:16:33]} 29. Qxf7 {[%clk 0:19:03]} Qb2 {[%clk 0:15:33]} 30. Qf4
{[%clk 0:15:59]} Bd3 {[%clk 0:13:36]} 31. Rxg7+ {[%clk 0:15:59]} Kxg7
{[%clk 0:14:04]} 32. Qc7+ {[%clk 0:16:21]} Kg6 {[%clk 0:14:29]} 33. Qg3+
{[%clk 0:16:49]} 1/2-1/2

[Event "World Cup 2017"]
[Site "Tbilisi"]
[Date "2017.09.10"]
[Round "18.2"]
[White "So Wesley (USA)"]
[Black "Vallejo Pons Francisco (ESP)"]
[Result "1/2-1/2"]
[BlackElo "2717"]
[WhiteElo "2810"]
[LiveChessVersion "1.4.8"]

1. e4 {[%clk 1:30:55]} c5 {[%clk 1:30:52]} 2. Nf3 {[%clk 1:31:17]} Nc6
{[%clk 1:31:17]} 3. d4 {[%clk 1:31:37]} cxd4 {[%clk 1:31:39]} 4. Nxd4
{[%clk 1:32:03]} Nf6 {[%clk 1:32:01]} 5. Nc3 {[%clk 1:32:28]} d6 {[%clk 1:32:25]}
6. Bg5 {[%clk 1:32:52]} e6 {[%clk 1:32:45]} 7. Qd2 {[%clk 1:33:19]} a6
{[%clk 1:33:09]} 8. O-O-O {[%clk 1:33:43]} Bd7 {[%clk 1:33:35]} 9. f4
{[%clk 1:33:53]} Be7 {[%clk 1:33:18]} 10. Nf3 {[%clk 1:32:44]} b5
{[%clk 1:33:07]} 11. Bxf6 {[%clk 1:31:45]} gxf6 {[%clk 1:32:34]} 12. f5
{[%clk 1:31:27]} Qa5 {[%clk 1:22:14]} 13. Kb1 {[%clk 1:31:00]} Rc8
{[%clk 1:22:37]} 14. Ne2 {[%clk 1:11:29]} Qxd2 {[%clk 1:15:15]} 15. Rxd2
{[%clk 1:11:54]} Bf8 {[%clk 1:14:00]} 16. g3 {[%clk 1:08:03]} Ke7
{[%clk 1:07:08]} 17. fxe6 {[%clk 1:00:51]} fxe6 {[%clk 1:05:20]} 18. Bh3
{[%clk 1:01:15]} Bh6 {[%clk 0:58:00]} 19. Nf4 {[%clk 1:01:07]} Ne5
{[%clk 0:57:15]} 20. Nd4 {[%clk 0:59:21]} Ng6 {[%clk 0:53:36]} 21. Rf1
{[%clk 0:42:24]} Nxf4 {[%clk 0:49:07]} 22. gxf4 {[%clk 0:42:48]} b4
{[%clk 0:44:43]} 23. Rd3 {[%clk 0:38:51]} Rc4 {[%clk 0:32:08]} 24. b3
{[%clk 0:38:54]} Rc5 {[%clk 0:22:22]} 25. Bg4 {[%clk 0:38:56]} Rc3
{[%clk 0:18:16]} 26. Rxc3 {[%clk 0:34:55]} bxc3 {[%clk 0:18:37]} 27. Be2
{[%clk 0:35:24]} a5 {[%clk 0:11:52]} 28. Bc4 {[%clk 0:34:33]} Rc8
{[%clk 0:07:49]} 29. Rf3 {[%clk 0:26:37]} 1/2-1/2

[Event "World Cup 2017"]
[Site "Tbilisi"]
[Date "2017.09.10"]
[Round "18.3"]
[White "Najer Evgeniy (RUS)"]
[Black "Caruana Fabiano (USA)"]
[Result "1/2-1/2"]
[BlackElo "2807"]
[WhiteElo "2707"]
[LiveChessVersion "1.4.8"]

1. e4 {[%clk 1:30:11]} e5 {[%clk 1:30:55]} 2. Nf3 {[%clk 1:30:34]} Nf6
{[%clk 1:31:17]} 3. Nxe5 {[%clk 1:29:26]} d6 {[%clk 1:31:20]} 4. Nf3
{[%clk 1:29:31]} Nxe4 {[%clk 1:31:44]} 5. d4 {[%clk 1:29:44]} d5 {[%clk 1:32:08]}
6. Bd3 {[%clk 1:30:08]} Bd6 {[%clk 1:32:33]} 7. O-O {[%clk 1:29:11]} O-O
{[%clk 1:32:55]} 8. c4 {[%clk 1:29:38]} c6 {[%clk 1:33:21]} 9. Re1
{[%clk 1:29:10]} Bf5 {[%clk 1:33:43]} 10. Qb3 {[%clk 1:21:26]} Na6
{[%clk 1:33:38]} 11. Nc3 {[%clk 1:18:22]} dxc4 {[%clk 1:33:37]} 12. Bxc4
{[%clk 1:16:34]} Nxc3 {[%clk 1:33:45]} 13. bxc3 {[%clk 1:16:59]} b5
{[%clk 1:34:09]} 14. Bf1 {[%clk 1:17:18]} Re8 {[%clk 1:34:06]} 15. Bg5
{[%clk 1:09:25]} Qc8 {[%clk 1:30:10]} 16. Bh4 {[%clk 1:01:31]} Nc7
{[%clk 1:19:50]} 17. Bg3 {[%clk 0:59:36]} Qd7 {[%clk 1:15:29]} 18. c4
{[%clk 0:56:22]} bxc4 {[%clk 1:06:10]} 19. Rxe8+ {[%clk 0:52:50]} Rxe8
{[%clk 1:02:25]} 20. Bxc4 {[%clk 0:51:06]} Be6 {[%clk 0:53:51]} 21. Rc1
{[%clk 0:48:02]} Nd5 {[%clk 0:48:05]} 22. Qa4 {[%clk 0:24:15]} 1/2-1/2

[Event "World Cup 2017"]
[Site "Tbilisi"]
[Date "2017.09.10"]
[Round "18.5"]
[White "Matlakov Maxim (RUS)"]
[Black "Aronian Levon (ARM)"]
[Result "1-0"]
[BlackElo "2799"]
[WhiteElo "2728"]
[LiveChessVersion "1.4.8"]

1. d4 {[%clk 1:30:55]} Nf6 {[%clk 1:30:46]} 2. c4 {[%clk 1:31:19]} e6
{[%clk 1:31:07]} 3. Nc3 {[%clk 1:31:42]} d5 {[%clk 1:30:45]} 4. cxd5
{[%clk 1:31:40]} Nxd5 {[%clk 1:31:11]} 5. e4 {[%clk 1:31:28]} Nxc3
{[%clk 1:31:36]} 6. bxc3 {[%clk 1:31:52]} c5 {[%clk 1:32:01]} 7. Rb1
{[%clk 1:30:03]} Be7 {[%clk 1:31:36]} 8. Nf3 {[%clk 1:29:47]} O-O
{[%clk 1:31:59]} 9. Bc4 {[%clk 1:29:19]} Qc7 {[%clk 1:32:07]} 10. Qe2
{[%clk 1:27:11]} a6 {[%clk 1:32:31]} 11. a4 {[%clk 1:22:15]} cxd4
{[%clk 1:32:10]} 12. cxd4 {[%clk 1:22:33]} Bd7 {[%clk 1:32:33]} 13. O-O
{[%clk 1:07:29]} Rc8 {[%clk 1:32:34]} 14. Bd3 {[%clk 1:02:26]} Bxa4
{[%clk 1:32:31]} 15. d5 {[%clk 0:58:33]} Nd7 {[%clk 1:22:38]} 16. e5
{[%clk 0:53:12]} exd5 {[%clk 1:20:43]} 17. e6 {[%clk 0:52:19]} Nf8
{[%clk 1:20:57]} 18. exf7+ {[%clk 0:51:12]} Kxf7 {[%clk 1:21:14]} 19. Nd4
{[%clk 0:40:50]} Bf6 {[%clk 1:15:04]} 20. Bxh7 {[%clk 0:29:39]} Qe5
{[%clk 0:57:02]} 21. Rxb7+ {[%clk 0:27:28]} Bd7 {[%clk 0:57:07]} 22. Qg4
{[%clk 0:24:59]} Qxd4 {[%clk 0:44:32]} 23. Rxd7+ {[%clk 0:23:55]} Nxd7
{[%clk 0:44:57]} 24. Qxd7+ {[%clk 0:24:10]} Be7 {[%clk 0:45:20]} 25. Re1
{[%clk 0:18:35]} Qe5 {[%clk 0:43:18]} 26. Bd2 {[%clk 0:18:43]} Rd8
{[%clk 0:42:36]} 27. Qg4 {[%clk 0:18:29]} 1-0

[Event "World Cup 2017"]
[Site "Tbilisi"]
[Date "2017.09.10"]
[Round "18.8"]
[White "Vachier-Lagrave Maxime (FRA)"]
[Black "Lenderman Aleksandr (USA)"]
[Result "1/2-1/2"]
[BlackElo "2565"]
[WhiteElo "2789"]
[LiveChessVersion "1.4.8"]

1. e4 {[%clk 1:30:06]} c6 {[%clk 1:30:52]} 2. d4 {[%clk 1:30:23]} d5
{[%clk 1:31:17]} 3. e5 {[%clk 1:30:51]} Bf5 {[%clk 1:31:40]} 4. Nf3
{[%clk 1:31:16]} e6 {[%clk 1:32:04]} 5. Be2 {[%clk 1:31:42]} c5 {[%clk 1:32:30]}
6. Be3 {[%clk 1:32:06]} cxd4 {[%clk 1:32:49]} 7. Nxd4 {[%clk 1:32:31]} Ne7
{[%clk 1:33:14]} 8. O-O {[%clk 1:32:57]} Nbc6 {[%clk 1:33:38]} 9. Bb5
{[%clk 1:33:24]} a6 {[%clk 1:34:03]} 10. Bxc6+ {[%clk 1:33:49]} Nxc6
{[%clk 1:34:28]} 11. Nxf5 {[%clk 1:32:27]} exf5 {[%clk 1:34:53]} 12. c3
{[%clk 1:24:28]} Be7 {[%clk 1:34:54]} 13. Qb3 {[%clk 1:20:24]} Na5
{[%clk 1:30:30]} 14. Qc2 {[%clk 1:19:18]} Qd7 {[%clk 1:29:45]} 15. Nd2
{[%clk 1:18:13]} Nc4 {[%clk 1:27:31]} 16. Rfe1 {[%clk 1:17:05]} Nxd2
{[%clk 1:24:47]} 17. Qxd2 {[%clk 1:17:18]} Qe6 {[%clk 1:24:28]} 18. Rad1
{[%clk 1:15:32]} Rd8 {[%clk 1:23:24]} 19. Bg5 {[%clk 1:15:51]} Bxg5
{[%clk 1:21:07]} 20. Qxg5 {[%clk 1:16:13]} O-O {[%clk 1:21:29]} 21. h4
{[%clk 1:15:57]} h6 {[%clk 1:13:39]} 22. Qf4 {[%clk 1:15:56]} Rc8
{[%clk 1:09:37]} 23. Qf3 {[%clk 1:10:42]} Rfd8 {[%clk 1:06:47]} 24. Rd4
{[%clk 1:11:04]} Rc4 {[%clk 1:05:17]} 25. Qd3 {[%clk 1:07:47]} Rxd4
{[%clk 1:03:10]} 26. Qxd4 {[%clk 1:08:10]} Re8 {[%clk 1:02:06]} 27. Re3
{[%clk 1:07:37]} h5 {[%clk 1:00:08]} 28. g3 {[%clk 1:04:14]} b5 {[%clk 0:55:55]}
29. Rd3 {[%clk 1:01:32]} Qxe5 {[%clk 0:53:35]} 30. Re3 {[%clk 1:01:01]} Qb8
{[%clk 0:53:59]} 31. Rxe8+ {[%clk 1:01:26]} Qxe8 {[%clk 0:54:25]} 32. Qxd5
{[%clk 1:01:49]} f4 {[%clk 0:47:44]} 33. gxf4 1/2-1/2

[Event "World Cup 2017"]
[Site "Tbilisi"]
[Date "2017.09.10"]
[Round "18.9"]
[White "Navara David (CZE)"]
[Black "Grischuk Alexander (RUS)"]
[Result "1/2-1/2"]
[BlackElo "2783"]
[WhiteElo "2737"]
[LiveChessVersion "1.4.8"]

1. e4 {[%clk 1:30:58]} e5 {[%clk 1:30:38]} 2. Nf3 {[%clk 1:31:23]} Nf6
{[%clk 1:30:57]} 3. Nxe5 {[%clk 1:31:13]} d6 {[%clk 1:31:22]} 4. Nf3
{[%clk 1:31:02]} Nxe4 {[%clk 1:31:47]} 5. d4 {[%clk 1:30:25]} d5 {[%clk 1:31:58]}
6. Bd3 {[%clk 1:30:41]} Bf5 {[%clk 1:32:06]} 7. O-O {[%clk 1:30:42]} Be7
{[%clk 1:32:25]} 8. Re1 {[%clk 1:28:12]} O-O {[%clk 1:31:51]} 9. Nbd2
{[%clk 1:28:09]} Nd6 {[%clk 1:29:06]} 10. Nf1 {[%clk 1:27:19]} Bxd3
{[%clk 1:22:23]} 11. Qxd3 {[%clk 1:27:26]} Nd7 {[%clk 1:22:24]} 12. Ng3
{[%clk 1:22:21]} Re8 {[%clk 1:14:16]} 13. Bf4 {[%clk 1:22:09]} c6
{[%clk 0:56:46]} 14. Re2 {[%clk 1:18:00]} Bf8 {[%clk 0:49:56]} 15. Rxe8
{[%clk 1:11:21]} Nxe8 {[%clk 0:49:13]} 16. Nf5 {[%clk 1:07:20]} Nef6
{[%clk 0:42:03]} 17. Ne5 {[%clk 1:07:09]} Ne4 {[%clk 0:36:31]} 18. f3
{[%clk 0:56:34]} Nxe5 {[%clk 0:35:09]} 19. Bxe5 {[%clk 0:56:55]} Ng5
{[%clk 0:35:09]} 20. c3 {[%clk 0:56:51]} g6 {[%clk 0:29:33]} 21. Ne3
{[%clk 0:56:46]} Bg7 {[%clk 0:29:50]} 22. Bxg7 {[%clk 0:56:40]} Kxg7
{[%clk 0:28:44]} 23. Re1 {[%clk 0:56:56]} h5 {[%clk 0:20:51]} 24. h4
{[%clk 0:57:04]} Ne6 {[%clk 0:19:29]} 25. g3 {[%clk 0:57:26]} Qd6
{[%clk 0:17:49]} 26. Kf2 {[%clk 0:57:43]} Re8 {[%clk 0:18:02]} 27. Ng2
{[%clk 0:57:41]} c5 {[%clk 0:08:36]} 28. dxc5 {[%clk 0:57:11]} Qxc5+
{[%clk 0:09:04]} 29. Kf1 {[%clk 0:56:45]} Qb6 {[%clk 0:04:42]} 30. Qxd5
{[%clk 0:56:05]} Qxb2 {[%clk 0:04:41]} 31. Nf4 {[%clk 0:53:38]} Nc7
{[%clk 0:03:08]} 32. Qd4+ {[%clk 0:51:34]} Kg8 {[%clk 0:03:28]} 33. a4
{[%clk 0:43:52]} Rxe1+ {[%clk 0:02:17]} 34. Kxe1 {[%clk 0:44:16]} Qb1+
{[%clk 0:02:40]} 35. Kf2 {[%clk 0:37:20]} Ne6 {[%clk 0:02:59]} 36. Qxa7
{[%clk 0:37:14]} Nxf4 {[%clk 0:03:19]} 37. Qb8+ {[%clk 0:37:37]} Kh7
{[%clk 0:03:25]} 38. Qxf4 {[%clk 0:37:56]} Qc2+ {[%clk 0:03:48]} 39. Kg1
{[%clk 0:37:41]} Qd1+ {[%clk 0:04:13]} 40. Kf2 {[%clk 1:08:03]} 1/2-1/2

[Event "World Cup 2017"]
[Site "Tbilisi"]
[Date "2017.09.10"]
[Round "18.12"]
[White "Dubov Daniil (RUS)"]
[Black "Artemiev Vladislav (RUS)"]
[Result "1-0"]
[BlackElo "2692"]
[WhiteElo "2666"]
[LiveChessVersion "1.4.8"]

1. e4 {[%clk 1:30:59]} c5 {[%clk 1:30:02]} 2. Nf3 {[%clk 1:31:23]} d6
{[%clk 1:30:14]} 3. d4 {[%clk 1:31:47]} cxd4 {[%clk 1:30:32]} 4. Nxd4
{[%clk 1:32:12]} Nf6 {[%clk 1:30:24]} 5. Nc3 {[%clk 1:32:37]} a6 {[%clk 1:30:35]}
6. Bg5 {[%clk 1:33:00]} e6 {[%clk 1:24:41]} 7. f4 {[%clk 1:33:24]} h6
{[%clk 1:24:22]} 8. Bh4 {[%clk 1:33:44]} Be7 {[%clk 1:23:31]} 9. Qf3
{[%clk 1:34:07]} Nbd7 {[%clk 1:21:36]} 10. O-O-O {[%clk 1:34:21]} g5
{[%clk 1:11:26]} 11. fxg5 {[%clk 1:33:46]} hxg5 {[%clk 1:11:46]} 12. Bg3
{[%clk 1:33:41]} Qc7 {[%clk 1:08:42]} 13. Bb5 {[%clk 1:32:43]} g4
{[%clk 0:50:45]} 14. Qe2 {[%clk 1:28:15]} e5 {[%clk 0:45:10]} 15. Nf5
{[%clk 1:26:44]} axb5 {[%clk 0:45:18]} 16. Nxb5 {[%clk 1:27:08]} Qc6
{[%clk 0:39:09]} 17. Nbxd6+ {[%clk 1:27:08]} Bxd6 {[%clk 0:33:36]} 18. Nxd6+
{[%clk 1:26:57]} Kf8 {[%clk 0:29:57]} 19. a3 {[%clk 1:27:19]} Ne8
{[%clk 0:27:18]} 20. Nf5 {[%clk 1:24:48]} Ra4 {[%clk 0:23:12]} 21. Be1
{[%clk 1:14:13]} Ndf6 {[%clk 0:12:45]} 22. Ng3 {[%clk 1:12:39]} Nxe4
{[%clk 0:10:10]} 23. Rd8 {[%clk 1:11:25]} Be6 {[%clk 0:05:00]} 24. Bb4+
{[%clk 1:09:32]} Rxb4 {[%clk 0:05:23]} 25. axb4 {[%clk 1:09:57]} Nxg3
{[%clk 0:02:13]} 26. Qxe5 {[%clk 1:10:20]} Ke7 {[%clk 0:00:33]} 27. Rhd1
{[%clk 1:08:00]} Rxh2 {[%clk 0:00:34]} 28. b5 {[%clk 1:07:59]} Ne2+
{[%clk 0:00:37]} 29. Kb1 {[%clk 1:08:02]} Qc4 {[%clk 0:00:33]} 30. Rxe8+
{[%clk 1:05:18]} Kxe8 {[%clk 0:00:57]} 31. Qb8+ {[%clk 1:05:44]} Bc8
{[%clk 0:00:32]} 32. Qxh2 {[%clk 1:06:05]} Nc3+ {[%clk 0:00:31]} 33. bxc3
{[%clk 1:06:27]} Qxb5+ {[%clk 0:00:57]} 34. Kc1 {[%clk 1:06:53]} Qg5+
{[%clk 0:00:58]} 35. Rd2 {[%clk 1:07:22]} Qa5 {[%clk 0:00:48]} 36. Rd4
{[%clk 1:03:46]} Qg5+ {[%clk 0:00:34]} 37. Kd1 {[%clk 1:03:03]} Qf6
{[%clk 0:00:47]} 38. Qc7 {[%clk 1:03:12]} Qf1+ {[%clk 0:01:07]} 39. Kd2
{[%clk 1:03:40]} Qxg2+ {[%clk 0:01:23]} 40. Kc1 {[%clk 1:34:03]} Qf1+
{[%clk 0:31:19]} 41. Rd1 {[%clk 1:34:28]} 1-0

[Event "World Cup 2017"]
[Site "Tbilisi"]
[Date "2017.09.10"]
[Round "18.13"]
[White "Sethuraman S.P. (IND)"]
[Black "Giri Anish (NED)"]
[Result "1/2-1/2"]
[BlackElo "2772"]
[WhiteElo "2618"]
[LiveChessVersion "1.4.8"]

1. e4 {[%clk 1:30:50]} c5 {[%clk 1:30:58]} 2. Nf3 {[%clk 1:31:13]} d6
{[%clk 1:31:26]} 3. d4 {[%clk 1:31:36]} cxd4 {[%clk 1:31:53]} 4. Nxd4
{[%clk 1:32:01]} Nf6 {[%clk 1:32:20]} 5. Nc3 {[%clk 1:32:26]} a6 {[%clk 1:32:47]}
6. Be2 {[%clk 1:32:52]} e5 {[%clk 1:33:11]} 7. Nb3 {[%clk 1:33:16]} Be7
{[%clk 1:33:23]} 8. Be3 {[%clk 1:33:26]} Be6 {[%clk 1:32:13]} 9. Qd3
{[%clk 1:33:41]} O-O {[%clk 1:31:23]} 10. O-O {[%clk 1:33:26]} Nbd7
{[%clk 1:31:02]} 11. Nd5 {[%clk 1:33:47]} Bxd5 {[%clk 1:31:28]} 12. exd5
{[%clk 1:34:13]} Rc8 {[%clk 1:30:01]} 13. c4 {[%clk 1:33:38]} g6 {[%clk 1:28:13]}
14. Rac1 {[%clk 1:22:50]} Ne8 {[%clk 1:18:06]} 15. Qd2 {[%clk 1:23:08]} Ng7
{[%clk 1:13:51]} 16. Na5 {[%clk 1:20:07]} Nf5 {[%clk 0:58:30]} 17. Nxb7
{[%clk 1:14:22]} Qc7 {[%clk 0:58:44]} 18. Na5 {[%clk 1:14:45]} Nxe3
{[%clk 0:59:10]} 19. fxe3 {[%clk 1:15:10]} Bg5 {[%clk 0:59:37]} 20. b4
{[%clk 1:01:22]} Qb6 {[%clk 0:59:09]} 21. Rf3 {[%clk 1:01:41]} f5
{[%clk 0:59:35]} 22. Nc6 {[%clk 0:50:01]} f4 {[%clk 0:59:00]} 23. Qc2
{[%clk 0:49:49]} fxe3 {[%clk 0:55:36]} 24. Rg3 {[%clk 0:42:08]} Bh4
{[%clk 0:50:02]} 25. Rxg6+ {[%clk 0:40:31]} Kh8 {[%clk 0:48:24]} 26. Rxd6
{[%clk 0:39:12]} Nf6 {[%clk 0:48:22]} 27. g3 {[%clk 0:27:28]} Qc7
{[%clk 0:47:38]} 28. Re6 {[%clk 0:27:34]} Bxg3 {[%clk 0:45:47]} 29. hxg3
{[%clk 0:27:10]} Qg7 {[%clk 0:46:10]} 30. Bf3 {[%clk 0:18:38]} e2
{[%clk 0:38:52]} 31. g4 {[%clk 0:09:57]} Nxd5 {[%clk 0:18:56]} 32. Qxe2
{[%clk 0:08:55]} Nf4 {[%clk 0:14:59]} 33. Qxe5 {[%clk 0:08:38]} Nxe6
{[%clk 0:15:14]} 34. Qxe6 {[%clk 0:09:04]} Rce8 {[%clk 0:14:09]} 35. Qd5
{[%clk 0:09:28]} Rf4 {[%clk 0:13:20]} 36. Rf1 {[%clk 0:04:52]} Re3
{[%clk 0:10:26]} 37. Qd8+ {[%clk 0:03:34]} Rf8 {[%clk 0:10:49]} 38. Qd5
{[%clk 0:03:55]} Rf4 {[%clk 0:10:51]} 39. Rf2 {[%clk 0:01:22]} Re1+
{[%clk 0:08:21]} 40. Kh2 {[%clk 0:31:08]} Qh6+ {[%clk 0:32:45]} 41. Kg2
{[%clk 0:25:40]} Qh4 {[%clk 0:24:42]} 42. Qd7 {[%clk 0:16:06]} Rxc4
{[%clk 0:14:28]} 43. Qc8+ {[%clk 0:12:02]} Kg7 {[%clk 0:14:54]} 44. Qd7+
{[%clk 0:11:04]} Kh8 {[%clk 0:15:17]} 45. Nd4 {[%clk 0:04:56]} h5
{[%clk 0:10:45]} 46. Rf1 {[%clk 0:01:22]} hxg4 {[%clk 0:06:44]} 47. Bxg4
{[%clk 0:01:06]} Rxf1 {[%clk 0:06:17]} 48. Kxf1 {[%clk 0:01:33]} Qf6+
{[%clk 0:03:51]} 49. Nf3 {[%clk 0:00:40]} Rxb4 {[%clk 0:03:24]} 50. Qc8+
{[%clk 0:00:49]} Kg7 {[%clk 0:03:43]} 51. Qc7+ {[%clk 0:01:12]} Kh6
{[%clk 0:03:30]} 52. Qh2+ {[%clk 0:01:36]} Kg7 {[%clk 0:03:56]} 53. Qc7+
{[%clk 0:01:41]} Kh6 {[%clk 0:04:23]} 54. Qc1+ {[%clk 0:01:42]} Kg7
{[%clk 0:04:36]} 55. Qd1 {[%clk 0:00:52]} Rxg4 {[%clk 0:03:22]} 56. Qd7+
{[%clk 0:01:18]} Kf8 {[%clk 0:03:27]} 57. Qc8+ {[%clk 0:01:32]} Ke7
{[%clk 0:03:40]} 58. Qxg4 {[%clk 0:01:57]} Qa1+ {[%clk 0:04:08]} 59. Kg2
{[%clk 0:02:16]} Qxa2+ {[%clk 0:04:35]} 60. Kg3 {[%clk 0:02:36]} Qe6
{[%clk 0:04:54]} 61. Qg7+ {[%clk 0:02:47]} Kd6 {[%clk 0:04:41]} 62. Qa7
{[%clk 0:02:56]} Qg6+ {[%clk 0:04:39]} 63. Kf4 {[%clk 0:03:21]} Qf6+
{[%clk 0:05:03]} 64. Ke3 {[%clk 0:03:31]} Qc3+ {[%clk 0:04:56]} 65. Ke4
{[%clk 0:03:07]} Qb4+ {[%clk 0:04:39]} 66. Nd4 {[%clk 0:03:25]} Qe1+
{[%clk 0:05:06]} 67. Kd3 {[%clk 0:03:23]} Qd1+ {[%clk 0:05:22]} 68. Kc3
{[%clk 0:03:36]} Qa1+ {[%clk 0:05:08]} 69. Kc2 {[%clk 0:03:54]} Qa2+
{[%clk 0:05:22]} 70. Kd3 {[%clk 0:04:18]} Qb1+ {[%clk 0:05:33]} 71. Ke3
{[%clk 0:04:43]} Qg1+ {[%clk 0:05:44]} 72. Kd2 {[%clk 0:04:01]} Qf2+
{[%clk 0:06:02]} 73. Kc3 {[%clk 0:04:27]} Qe1+ {[%clk 0:06:15]} 74. Kb2
{[%clk 0:04:52]} Qb4+ {[%clk 0:06:20]} 75. Nb3 {[%clk 0:05:14]} a5
{[%clk 0:06:45]} 76. Qa6+ {[%clk 0:05:30]} Kc7 {[%clk 0:07:01]} 77. Qxa5+
{[%clk 0:04:26]} Qxa5 {[%clk 0:07:30]} 78. Nxa5 {[%clk 0:04:54]} 1/2-1/2

[Event "World Cup 2017"]
[Site "Tbilisi"]
[Date "2017.09.10"]
[Round "18.14"]
[White "Rapport Richard (HUN)"]
[Black "Li Chao b (CHN)"]
[Result "1/2-1/2"]
[BlackElo "2744"]
[WhiteElo "2675"]
[LiveChessVersion "1.4.8"]

1. d4 {[%clk 1:30:52]} Nf6 {[%clk 1:30:48]} 2. c4 {[%clk 1:31:13]} g6
{[%clk 1:31:10]} 3. Nf3 {[%clk 1:31:22]} Bg7 {[%clk 1:31:32]} 4. g3
{[%clk 1:31:48]} c6 {[%clk 1:31:38]} 5. Nc3 {[%clk 1:31:47]} d5 {[%clk 1:31:51]}
6. cxd5 {[%clk 1:32:00]} cxd5 {[%clk 1:32:13]} 7. Ne5 {[%clk 1:32:26]} O-O
{[%clk 1:32:00]} 8. Bg2 {[%clk 1:32:47]} Bf5 {[%clk 1:32:18]} 9. O-O
{[%clk 1:32:37]} Ne4 {[%clk 1:30:17]} 10. g4 {[%clk 1:31:08]} Nxc3
{[%clk 1:28:30]} 11. bxc3 {[%clk 1:31:32]} Be6 {[%clk 1:28:44]} 12. f4
{[%clk 1:30:45]} f6 {[%clk 1:07:17]} 13. Nd3 {[%clk 1:30:21]} Bxg4
{[%clk 1:03:53]} 14. Rb1 {[%clk 1:29:56]} e6 {[%clk 0:49:58]} 15. c4
{[%clk 1:27:36]} Nc6 {[%clk 0:46:09]} 16. Nf2 {[%clk 1:27:17]} Bh5
{[%clk 0:43:00]} 17. f5 {[%clk 1:25:29]} gxf5 {[%clk 0:35:25]} 18. cxd5
{[%clk 1:25:00]} exd5 {[%clk 0:35:49]} 19. Rxb7 {[%clk 1:25:03]} Re8
{[%clk 0:32:58]} 20. Rb2 {[%clk 0:56:35]} Rb8 {[%clk 0:30:31]} 21. Rxb8
{[%clk 0:55:08]} 1/2-1/2